000 00534nam a2200181 a 4500
005 20240215063817.0
008 991125s1976 mx 000 0 spa u
035 _aUPN01000000831
049 _aCG
050 4 _aHF5549
_bO4.38
100 1 _aOdiorne, George S.
_929746
245 1 0 _aAdministración de personal por objetivos /
_cGeorge S. Odiorne ; tr. Mario Bracamonte Cantolla.
260 _aMéxico :
_bDiana,
_c1976.
300 _a508 p.
650 4 _aAdministración
_928
650 4 _aPERSONAL -
_xDIRECCION
_911025
905 _aLibro
999 _c831
_d831